| 000 | 00968cam a2200301 a 4500 | ||
|---|---|---|---|
| 008 | |||
| 020 | _a0881676837 (hbk.) | ||
| 049 | _aMAIN | ||
| 090 | _aQR360 FUN | ||
| 245 | 0 | 0 |
_aFundamental virology / _ceditors-in-chief, Bernard N. Fields, David M. Knipe ; associate editors, Robert M. Chanock ... [et al.] |
| 250 | _a2nd ed. | ||
| 260 |
_aNew York : _bRaven Press, _cc1991. |
||
| 300 |
_axiii, 1064 p. : _bill. ; _c29 cm. |
||
| 504 | _a Includes bibliographical references. | ||
| 500 | _aConsists of a set of chapters reprinted from: Virology. 2nd ed. 1990. | ||
| 500 | _aIncludes index. | ||
| 650 | 2 | _aVirus Replication. | |
| 650 | 2 | _aViruses. | |
| 650 | 0 | _aVirology. | |
| 700 | 1 | _aFields, Bernard N. | |
| 700 | 1 |
_aKnipe, David M. _q(David Mahan) |
|
| 740 | 0 | _aVirology. | |
| 907 |
_a.b10164017 _b23-02-07 _c26-05-05 |
||
| 003 | |||
| 005 | 20230120203915.0 | ||
| 040 | _cNUST | ||
| 942 |
_cBOOKS _kQR360 FUN |
||
| 999 |
_c113660 _d113660 |
||